Giáo trình giao tiếp kinh doanh

Khái quát chung về giao tiếp kinh doanh, các kỹ năng và các ứng dụng trong giao tiếp kinh doanh

Đã lưu trong:
书目详细资料
主要作者: Hà, Nam Khánh Giao
格式: 图书
语言:Undetermined
出版: Hà Nội Lao động - Xã hội 2014
主题:
标签: 添加标签
没有标签, 成为第一个标记此记录!
Thư viện lưu trữ: Trung tâm Học liệu Trường Đại học Cần Thơ
LEADER 00781nam a2200205Ia 4500
001 CTU_197119
008 210402s9999 xx 000 0 und d
020 |c 70000 
082 |a 158.2 
082 |b Gi108 
100 |a Hà, Nam Khánh Giao 
245 0 |a Giáo trình giao tiếp kinh doanh 
245 0 |c Hà Nam Khánh Giao (chủ biên); Phạm Thị Trúc Ly, Nguyễn Thị Quỳnh Giang 
260 |a Hà Nội 
260 |b Lao động - Xã hội 
260 |c 2014 
520 |a Khái quát chung về giao tiếp kinh doanh, các kỹ năng và các ứng dụng trong giao tiếp kinh doanh 
650 |a Psychology, applied,Tâm lý ứng dụng 
904 |i Nguyên 
980 |a Trung tâm Học liệu Trường Đại học Cần Thơ